All the janata men (Record no. 43722)

MARC details
000 -LEADER
fixed length control field 00264nam a2200109Ia 4500
082 ## - DEWEY DECIMAL CLASSIFICATION NUMBER
Classification number 329(540)
Item number JAN
100 ## - MAIN ENTRY--AUTHOR NAME
Personal name Janardhan Thakur
245 #0 - TITLE STATEMENT
Title All the janata men
260 ## - PUBLICATION, DISTRIBUTION, ETC. (IMPRINT)
Place of publication New Delhi
Name of publisher Vikas
Year of publication 1978
942 ## - ADDED ENTRY ELEMENTS (KOHA)
Koha item type Books
Holdings
Withdrawn status Lost status Damaged status Not for loan Home library Current library Date acquired Source of acquisition Cost, normal purchase price Full call number Accession Number Koha item type
        RRII Library RRII Library 16/12/2021 Gift 30.00 329(540) JAN G00474 Books